000 00401nam a22001697a 4500
005 20180327155447.0
008 160518b xxu||||| |||| 00| 0 eng d
020 _a81-7446-206-3
041 _aeng
082 _b2691
_a338.7
100 _aAgarwal, Raj
_94244
245 _aBusiness Environment
260 _aNew Delhi
_bExcel Books,
_c2000
300 _a769
650 _aManagement
_9241
942 _cBK
999 _c973
_d973